00629 2200217 4500001002100000005001500021035002000036245006200056100002800118250001000146300003800156260003600194082001000230084001600240020001900256600003900275600003200314600003400346505001100380990002000391INLIS00000000000459020231017092052 a0010-10230000501 aBook Of Life Reptilia & Amfibi /cCamilla De La Bedoyere0 aCamilla De La Bedoyere aCet 1 a62 hlm :bilus ;c17,3 x 24,6 cm. aBandung; :bPakar Raya;,c2013. a597.9 a597.9 CAM b a978979534780-4 aPengalih Bahasa,Rizka Yanuarti S.S aPenyunting Materi,Rudiyanto aPenggambar Ulang,Eka Ernawati aIndeks a12733/P/BL/2016